LEADER 00849nam0 2200277 450 001 000021871 005 20090120153744.0 010 $a88-15-01141-2 100 $a20090120d1986----km-y0itay50------ba 101 0 $aita 102 $aIT 105 $ay-------001yy 200 1 $a<>teoria del gold standard$eRicardo e il suo tempo$fMaria Cristina Marcuzzo, Annalisa Rosselli 210 $aBologna$cIl mulino$d1986 215 $a264 p.$d22 cm 225 2 $aSaggi 410 0$12001$aSaggi 500 10$a<>teoria del gold standard$946818 676 $a332.452$v19 700 1$aMarcuzzo,$bMaria Cristina$0118097 701 1$aRosselli,$bAnnalisa$0119841 801 0$aIT$bUNIPARTHENOPE$c20090120$gRICA$2UNIMARC 912 $a000021871 951 $a311/138$b6142$cNAVA2$d2009 996 $aTeoria del gold standard$946818 997 $aUNIPARTHENOPE LEADER 01395nam0 22003131i 450 001 UON00501598 005 20231205105417.34 100 $a20191219d1990 |0itac50 ba 101 $afre 102 $aFR 105 $a|||| ||||| 200 1 $aAliscans$fpublie par Claude Regnier 210 $aParis$cH. Champion$d1990 215 $a2 v. (368 p. compless.)$d19 cm. 311 $a110 ; 111$9UON00497554 316 $aDono Prof. Alberto Varvaro.$5IT-UONSI F. Varvaro38061 316 $aDono Prof. Alberto Varvaro.$5IT-UONSI F. Varvaro38062 410 0$1001UON00497554$12001 $aˆLes ‰Classiques Français du Moyen Age$v 110 ; 111 606 $aLetteratura francese$xMedioevo$3UONC084640$2FI 620 $aFR$dParis$3UONL002984 676 $a840.1$cLetteratura francese medievale (fino al 1400)$v21 702 1$aREGNIER$bClaude$3UONV243618 712 $aChampion$3UONV248947$4650 801 $aIT$bSOL$c20250627$gRICA 912 $aUON00501598 950 $aSIBA - SISTEMA BIBLIOTECARIO DI ATENEO$dSI F. Varvaro3806 1 $eSI 34132 7 Dono Prof. Alberto Varvaro. 950 $aSIBA - SISTEMA BIBLIOTECARIO DI ATENEO$dSI F. Varvaro3806 2 $eSI 34132/a 7 Dono Prof. Alberto Varvaro. 996 $aAliscans$955248 997 $aUNIOR